LEADER 01341nam a2200325 a 4500 001 000000129401 003 CaOOAMICUS 005 20120625121659.0 008 120625s2012 it u000 u ita r 020 $a978-88-548-4579-4 040 $aPUL$bita 082 04$a262.94 100 1 $aFoderaro, Antonio.$0(OLS)http://pul/name/82829 245 10$aIo accolgo te :$bil matrimonio nel diritto canonico /$cAntonio Foderaro, Annarita Ferrato. 260 $aRoma :$bAracne,$c2012. 300 $a286 p. ;$c24 cm. 490 1 $aStudiorum et fidei ;$v04 504 $aBibliografia p. 275-286. 650 4$aMatrimonio (diritto canonico).$0(OLS)http://pul/subject/475 700 1 $aFerrato, Annarita.$0(OLS)http://pul/name/50598 830 0$aStudiorum et fidei ;$v04.$0(OLS)http://pul/title/163524 850 $aPUL 852 $aPUL$W1$xSL Diritto Canonico 3$y77$m262. 94 FODAN 1$j149879$qDDC 21$B148406$CPULBib$Z2$F148406 $H120122 $82 941 1 $a9 960 $aDiritto matrimoniale canonico$9475 996 $6020$a978-88-548-4579-4$9(OLS)http://pul/number/150087 996 $6082$a262.94$9(OLS)http://pul/classification/422 996 $6245$aIo accolgo te :$bil matrimonio nel diritto canonico$9(OLS)http://pul/title/163522 996 $6260$aRoma :$bAracne$9(OLS)http://pul/publisher/62189 LEADER 01401nam a2200337 a 4500 001 000000132314 003 CaOOAMICUS 005 20130115123223.0 008 130115s2011 it u0000u ita r 020 $a978-88-6030-421-6 040 $aPUL$bita 041 1 $aita$heng 082 04$a303.4 100 1 $aAppiah, Kwame Anthony.$0(OLS)http://pul/name/85215 240 10$aHonor code.$lItaliano.$0(OLS)http://pul/title/167153 245 13$aIl codice d'onore :$bcome cambia la morale /$cKwame Anthony Appiah. 260 $aMilano :$bRaffaello Cortina,$c©2011. 300 $aXIX, 235 p. ;$c23 cm. 490 1 $aScienza e idee ;$v217 504 $aFonti e note: p. 181-213. 650 4$aEtica e societą.$0(OLS)http://pul/subject/18782 650 4$aMutamento sociale.$0(OLS)http://pul/subject/39101 830 0$aScienza e idee (Raffaello Cortina) ;$v217.$0(OLS)http://pul/title/60185 850 $aPUL 852 $aPUL$W1$xSL Diritto e Scienze Sociali 3$y79$m303. 4 APPAN 1$j152265$qDDC 21$B151618$CPULBib$Z2$F151618 $H121401 $82 941 1 $a9 996 $6020$a978-88-6030-421-6$9(OLS)http://pul/number/151484 996 $6082$a303.4$9(OLS)http://pul/classification/529 996 $6245$aIl codice d'onore :$bcome cambia la morale$9(OLS)http://pul/title/167154 996 $6260$aMilano :$bRaffaello Cortina$9(OLS)http://pul/publisher/63509